000 00631nam a2200169 a 4500
001 000043061
005 20201002040616.0
008 140218s2005 xxua 001 0 spa d
020 _a156148458X
040 _aDO-SdBNP
_bspa
_cBNPHU
100 1 _aGood, Phyllis Pellman
_970585
245 1 0 _aFix-It and Forget- It Diabetic Cookbook. :
_bslow cooker favorites - to include everyone! /
_cPhyllis Pellman Good, with american Diabetes Association.
260 _aIntercourse, Pennsylvania, EE.UU. :
_bGood Books,
_c2005.
300 _a284 p. :
_bil. ;
_c24 cm.
500 _aIncluye índice
710 2 _aAmerican Diabetes Association
_970586
999 _c42550
_d42550